Statistics for Largest Cities in Guam🇬🇺

Click here to take the quiz!

General Stats

  • This quiz has been taken 7 times
  • The average score is 8 of 10

Answer Stats

PopulationCity% Correct
44kDededo Village
100%
19kTamuning-Tumon-Harmon Village
100%
4kAgat Village
83%
6kChalan Pago-Ordot Village
83%
6kSanta Rita Village
83%
15kMangilao Village
67%
6kMongmong-Toto-Maite Village
67%
20kYigo Village
67%
6kYona Village
67%
8kBarrigada Village
50%

Score Distribution

Percentile by Number Answered

Percent of People with Each Score

Your Score History

You have not taken this quiz